| 000 | 00851nas a2200241 i 4500 | ||
|---|---|---|---|
| 001 | 2059 | ||
| 003 | ES-MaACL | ||
| 005 | 20250724062557.0 | ||
| 007 | t| | ||
| 008 | 950801d18571858fr | | 1 ||re d | ||
| 245 | 0 | 0 |
_aRevue espagnole et portugaise _b: religion, histoire, littérature, sciences, arts, industrie, finances, commerce / _c[directeur : G. Hugelmann]. |
| 260 |
_aParis : _bA l'administration de la Revue, _c1857-1858 ( _eSceaux : _fMunzel) |
||
| 300 |
_av ; _c25 cm. |
||
| 310 | _aMensual | ||
| 321 |
_aQuincenal, _b1857 |
||
| 362 | 0 | _aTome 1, 1re livraison (février 1857)-tome 7, 22e livraison (5 avril 1858) | |
| 650 | 7 |
_aCultura _2embne _9170963 |
|
| 700 | 1 |
_aHugelmann, Gabriel. _9128076 |
|
| 785 | 0 | 0 |
_aRevue des races latines _d1858 |
| 852 |
_aES-MaACL _jG-8904-12 |
||
| 866 | 0 | _o(1857f.t.I)(1858) | |
| 999 |
_c2059 _d2059 |
||